Apéndice a los comentarios del Código penal de Don Joaquín Francisco Pacheco, o sea El nuevo Código : (Record no. 154636)

MARC details
000 -LEADER
campo de control de longitud fija 00862nam a22002175i 4500
001 - NÚMERO DE CONTROL
campo de control 154636
003 - IDENTIFICADOR DE NÚMERO DE CONTROL
campo de control ES-MaACL
005 - FECHA Y HORA DE LA ÚLTIMA TRANSACCIÓN
campo de control 20250809035226.0
008 - DATOS DE LONGITUD FIJA--INFORMACIÓN GENERAL
campo de control de longitud fija 041014s1876 sp |||| | spa d
080 ## - NÚMERO DE LA CLASIFICACIÓN DECIMAL UNIVERSAL
Número de la Clasificación Decimal Universal 343(460)"1870"(094.4)
100 1# - ENTRADA PRINCIPAL--NOMBRE DE PERSONA
Nombre de persona González y Serrano, José.
9 (RLIN) 127454
245 10 - MENCIÓN DEL TÍTULO
Título Apéndice a los comentarios del Código penal de Don Joaquín Francisco Pacheco, o sea El nuevo Código :
Resto del título comentadas las adiciones que contiene /
Mención de responsabilidad, etc. por José González y Serrano.
250 ## - MENCION DE EDICION
Mención de edición 2ª ed.
260 ## - PUBLICACIÓN, DISTRIBUCIÓN, ETC.
Lugar de publicación, distribución, etc. Madrid :
Nombre del editor, distribuidor, etc. [s.n.],
Fecha de publicación, distribución, etc. 1876 (
Fabricante Imp. y Fundición de Manuel Tello)
300 ## - DESCRIPCIÓN FÍSICA
Extensión 416 p. ;
Dimensiones 22 cm.
610 14 - PUNTO DE ACCESO ADICIONAL DE MATERIA--NOMBRE DE ENTIDAD CORPORATIVA
Nombre de entidad corporativa o nombre de jurisdicción como elemento de entrada España.
Título de la obra Código penal, 1870.
9 (RLIN) 152867
650 #4 - PUNTO DE ACCESO ADICIONAL DE MATERIA--TÉRMINO DE MATERIA
Término de materia o nombre geográfico como elemento de entrada Derecho penal-
Subdivisión geográfica España
9 (RLIN) 11752
700 1# - ENTRADA AGREGADA--NOMBRE PERSONAL
Nombre de persona Pacheco, Joaquín Francisco,
Fechas asociadas al nombre 1808-1865
9 (RLIN) 88121
852 4# - LOCALIZACIÓN
Ubicación ES-MaACL
Número de control de estantería G-14831
Nota libre - Enc. hol.
Holdings
Estatus retirado Estado de pérdida Estado de daño No para préstamo Colección Biblioteca de origen Biblioteca actual Ubicación en estantería Fecha de adquisición Fuente de adquisición Total de préstamos Signatura topográfica completa Código de barras Visto por última vez Precio de reemplazo Tipo de ítem Koha
        Libros del s. XIX Biblioteca del Ateneo de Madrid Biblioteca del Ateneo de Madrid Sala Pecera Planta 3 17/01/2008     G-14831 1161735 23/02/2023 23/02/2023 Libro impreso antiguo